IV censo nacional arrocero 2016 : (Registro nro. 15509)

Detalles MARC
000 -LEADER
fixed length control field 00943nam a22002537a 4500
003 - CONTROL NUMBER IDENTIFIER
control field OSt
005 - DATE AND TIME OF LATEST TRANSACTION
control field 20210326154741.0
008 - FIXED-LENGTH DATA ELEMENTS--GENERAL INFORMATION
fixed length control field 210326s2017 ck ab||gr|||| 00| 0 spa d
020 ## - INTERNATIONAL STANDARD BOOK NUMBER
International Standard Book Number 9789585821989
Qualifying information v. 1
020 ## - INTERNATIONAL STANDARD BOOK NUMBER
International Standard Book Number 9789585628618
Qualifying information v. 2
020 ## - INTERNATIONAL STANDARD BOOK NUMBER
International Standard Book Number 9789585628625
Qualifying information v. 3
020 ## - INTERNATIONAL STANDARD BOOK NUMBER
International Standard Book Number 9789585821996
Qualifying information v. 4
020 ## - INTERNATIONAL STANDARD BOOK NUMBER
International Standard Book Number 9789585628601
Qualifying information v. 5
040 ## - CATALOGING SOURCE
Original cataloging agency CO-JMCR
Transcribing agency CO-JMCR
041 0# - LANGUAGE CODE
Language code of text/sound track or separate title spa
082 04 - DEWEY DECIMAL CLASSIFICATION NUMBER
Classification number 338.17318 /
Item number C396c
Edition number 21
245 00 - TITLE STATEMENT
Title IV censo nacional arrocero 2016 :
Remainder of title el arroz cuenta con todos /
260 ## - PUBLICATION, DISTRIBUTION, ETC.
Place of publication, distribution, etc. Bogotá :
Name of publisher, distributor, etc. Fedearroz,
Date of publication, distribution, etc. 2017
300 ## - PHYSICAL DESCRIPTION
Extent 5 volúmenes :
Other physical details ilustraciones y mapas a color ;
Dimensions 24 cm.
505 0# - FORMATTED CONTENTS NOTE
Miscellaneous information V.1.
Title Libro
Miscellaneous information V. 2.
Title Zona Bajo Cauca
Miscellaneous information V.3.
Title Zona Centro
Miscellaneous information V.4.
Title Zona Costa Norte y Santanderes
Miscellaneous information V.5.
Title Zona Llanos
650 14 - SUBJECT ADDED ENTRY--TOPICAL TERM
Topical term or geographic name entry element Arroz
Form subdivision Estadísticas
General subdivision Producción
Chronological subdivision Siglo XXI
Geographic subdivision Colombia
9 (RLIN) 36596
650 24 - SUBJECT ADDED ENTRY--TOPICAL TERM
Topical term or geographic name entry element Industria del arroz
Form subdivision Estadísticas
Chronological subdivision Siglo XXI
Geographic subdivision Colombia
9 (RLIN) 36597
942 ## - ADDED ENTRY ELEMENTS (KOHA)
Source of classification or shelving scheme Dewey Decimal Classification
Koha item type Books
Existencias
Withdrawn status Lost status Source of classification or shelving scheme Damaged status Not for loan Collection code Home library Current library Date acquired Source of acquisition Total Checkouts Full call number Barcode Date last seen Copy number Price effective from Koha item type
    Dewey Decimal Classification     Non-fiction Biblioteca Pública José María del Castillo y Rada Biblioteca Pública José María del Castillo y Rada 10/02/2020 Donación   338.17318 / C396c 201811002 05/16/2024 V.1 / Ej.1 03/26/2021 Books
    Dewey Decimal Classification     Non-fiction Biblioteca Pública José María del Castillo y Rada Biblioteca Pública José María del Castillo y Rada 10/02/2020 Donación   338.17318 / C396c 201811001 05/16/2024 V.2 / Ej.1 03/26/2021 Books
    Dewey Decimal Classification     Non-fiction Biblioteca Pública José María del Castillo y Rada Biblioteca Pública José María del Castillo y Rada 10/02/2020 Donación   338.17318 / C396c 201811020 05/16/2024 V.3 / Ej.1 03/26/2021 Books
    Dewey Decimal Classification     Non-fiction Biblioteca Pública José María del Castillo y Rada Biblioteca Pública José María del Castillo y Rada 10/02/2020 Donación   338.17318 / C396c 201811019 05/16/2024 V.4 / Ej.1 03/26/2021 Books
    Dewey Decimal Classification     Non-fiction Biblioteca Pública José María del Castillo y Rada Biblioteca Pública José María del Castillo y Rada 10/02/2020 Donación   338.17318 / C396c 201811018 05/16/2024 V.5 / Ej.1 03/26/2021 Books